Gandhian thought : (Record no. 39424)

MARC details
000 -LEADER
fixed length control field 00646nam a22001937a 4500
005 - DATE AND TIME OF LATEST TRANSACTION
control field 20100805130013.0
010 ## - LCCN (DPL NO)
LC control number ENG-98391
020 ## - INTERNATIONAL STANDARD BOOK NUMBER
International Standard Book Number 8189904086
Terms of availability 20.00
035 ## - SYSTEM CONTROL NUMBER
System control number EN-81924
037 ## - SOURCE OF ACQUISITION
Source of stock number/acquisition DBAD/PUB
082 ## - DEWEY DECIMAL CLASSIFICATION NUMBER
Classification number 303.6
100 ## - MAIN ENTRY--PERSONAL NAME
Personal name Kokandakar,J.R.
245 ## - TITLE STATEMENT
Title Gandhian thought :
Remainder of title its relevance and uniqueness /
260 ## - PUBLICATION, DISTRIBUTION, ETC. (IMPRINT)
Place of publication, distribution, etc Nagpur
Name of publisher, distributor, etc Central Techo Publications
Date of publication, distribution, etc 2007
270 ## - ADDRESS
Address Ramass Peth
City Nagpur
300 ## - PHYSICAL DESCRIPTION
Extent 50p.
Dimensions 20cm (pbk)
942 ## - ADDED ENTRY ELEMENTS (KOHA)
Source of classification or shelving scheme Dewey Decimal Classification
Item type English Books
Classification part 303.6
Call number suffix KOK
Holdings
Withdrawn status Lost status Not for loan Collection code Home library Current library Date acquired Source of acquisition Cost, normal purchase price Full call number Barcode Copy number Cost, replacement price Koha item type
    Not For Loan Non-fiction D.B.Act.Division D.B.Act.Division 05/08/2010 DBAD/PUB 20.00 303.6 KOK EN-81924 1 20.00 English Books

© Delhi Public Library
Hit Counter
free hit counter